| 000 | 00704cam a2200193 4500 | ||
|---|---|---|---|
| 008 | 090401t1972 xxu||||| |||| 00| 0 eng d | ||
| 020 | _a0902132075 | ||
| 035 | _a(Sirsi) u54252 | ||
| 041 | _aeng | ||
| 100 | _aJohnson, T.A (ed) | ||
| 245 | 4 | _aThe Management of urban property. Contributors M E T Thorncroft (et al) | |
| 260 |
_aLondon _bCollege of Estate Management _c1972 |
||
| 300 | _a(7),210p. forms. 22cm. pbk | ||
| 350 | _a1.65 | ||
| 520 | _a`This book derives from a series of papers delivered to a residential course run at Reading University by the Centre for Advanced Land Use Studies in September 1970` Introduction | ||
| 710 |
_aC.A.L.U.S. _91849 |
||
| 942 | _n0 | ||
| 948 | _c04/03/1997 | ||
| 999 |
_c93447 _d93447 |
||